[Event "Novokuznetsk SFO-ch U17 Girls"]
[Site "Novokuznetsk"]
[Date "2014.11.03"]
[Round "2"]
[White "Makarova, Viktoriya"]
[Black "Baraeva, Irina"]
[Result "0-1"]
[WhiteElo "800"]
[BlackElo "1721"]
[PlyCount "56"]
[EventDate "2014.11.02"]
[EventType "swiss"]
[EventRounds "9"]
[EventCountry "RUS"]
[SourceTitle "CBM 163 Extra"]
[Source "ChessBase"]
[SourceDate "2014.12.23"]
[SourceVersion "1"]
[SourceVersionDate "2014.12.23"]
[SourceQuality "1"]

1. d4 d5 2. Bf4 Nf6 3. Nf3 e6 4. e3 Nbd7 5. c3 Be7 6. Bd3 c5 7. Nbd2 0-0 8. 0-0 Nh5 9. Be5 f6 10. Bg3 Nxg3 11. fxg3 e5 12. dxe5 fxe5 13. e4 d4 14. cxd4 exd4 15. Qb3+ Kh8 16. Qd5 Nb6 17. Qh5 Qe8 18. Qe5 Nd7 19. Qe6 Nf6 20. Qc4 Ng4 21. Nh4 Bd7 22. Qb3 b5 23. Qd1 Rxf1+ 24. Nxf1 Bg5 25. Nf5 Bxf5 26. exf5 Be3+ 27. Nxe3 Qxe3+ 28. Kh1 Nf2+ 0-1